<?xml version="1.0" encoding="UTF-8"?>
<record
    xmlns:xsi="http://www.w3.org/2001/XMLSchema-instance"
    xsi:schemaLocation="http://www.loc.gov/MARC21/slim http://www.loc.gov/standards/marcxml/schema/MARC21slim.xsd"
    xmlns="http://www.loc.gov/MARC21/slim">

  <leader>00651nam a2200157 i 4500</leader>
  <controlfield tag="001">181124</controlfield>
  <controlfield tag="003">ES-MaACL</controlfield>
  <controlfield tag="005">20230906221258.0</controlfield>
  <controlfield tag="008">121022s1879    sp           |||| | spa d</controlfield>
  <datafield tag="110" ind1="0" ind2=" ">
    <subfield code="a">Universidad Literaria de Sevilla.</subfield>
    <subfield code="9">7391</subfield>
  </datafield>
  <datafield tag="245" ind1="1" ind2="0">
    <subfield code="a">Memoria correspondiente al curso acad&#xE9;mico de 1878-79.</subfield>
  </datafield>
  <datafield tag="260" ind1=" " ind2=" ">
    <subfield code="a">Sevilla : </subfield>
    <subfield code="b">[s.n.], </subfield>
    <subfield code="c">1879 (</subfield>
    <subfield code="f">Imp. y Librer&#xED;a Extrangera, de Rafael Tarasc&#xF3; y Lassa)</subfield>
  </datafield>
  <datafield tag="300" ind1=" " ind2=" ">
    <subfield code="a">12, [4] p. [7] h. pleg., [72] p. ; </subfield>
    <subfield code="c">28 cm.</subfield>
  </datafield>
  <datafield tag="610" ind1="2" ind2="4">
    <subfield code="a">Universidad Literaria de Sevilla-</subfield>
    <subfield code="v">Memorias.</subfield>
    <subfield code="9">153702</subfield>
  </datafield>
  <datafield tag="852" ind1=" " ind2=" ">
    <subfield code="a">ES-MaACL</subfield>
    <subfield code="j">T-392-F-6 </subfield>
    <subfield code="z">.- Enc. hol. </subfield>
    <subfield code="z">.- Falto de la cub. original </subfield>
    <subfield code="z">.- Enc. en un vol. facticio</subfield>
  </datafield>
  <datafield tag="999" ind1=" " ind2=" ">
    <subfield code="c">181124</subfield>
    <subfield code="d">181124</subfield>
  </datafield>
  <datafield tag="952" ind1=" " ind2=" ">
    <subfield code="0">0</subfield>
    <subfield code="1">0</subfield>
    <subfield code="4">0</subfield>
    <subfield code="7">0</subfield>
    <subfield code="8">Colecci&#xF3;n_de_folletos</subfield>
    <subfield code="a">ATENEOM</subfield>
    <subfield code="b">ATENEOM</subfield>
    <subfield code="c">DEPOF</subfield>
    <subfield code="d">2012-10-22</subfield>
    <subfield code="e">SC</subfield>
    <subfield code="l">0</subfield>
    <subfield code="o">T-392-F-6</subfield>
    <subfield code="p">1190335</subfield>
    <subfield code="r">2023-02-23 00:00:00</subfield>
    <subfield code="w">2023-02-23</subfield>
    <subfield code="y">FOLLETOS</subfield>
  </datafield>
</record>
